Statistics for Largest Uninhabited Islands

Click here to take the quiz!

General Stats

  • This quiz has been taken 12 times
  • The average score is 3 of 10

Answer Stats

Size (Square Kilometers)Island% Correct
55,247Devon Island
60%
48,904Severny Island
60%
49,070Alexander Island
50%
43,178Axel Heiberg Island
40%
24,000Kotelny Island
30%
24,786Somerset Island
30%
44,000Berkner Island
20%
42,149Melville Island
20%
33,339Prince of Wales Island
20%
16,042Bathurst Island
10%

Score Distribution

Percentile by Number Answered

Percent of People with Each Score

Your Score History

You have not taken this quiz